| 000 | 00713nam a2200205Ia 4500 | ||
|---|---|---|---|
| 001 | 11181 | ||
| 003 | GE_BSU | ||
| 008 | 181216s||||||||xx |||||||||||||| ||und|| | ||
| 040 | _cGE_BSU | ||
| 080 | _a(031) | ||
| 245 | _aЕжегодник большой советской энциклопедии.1958. | ||
| 245 | _cРед.коллгия:А.А.Арзуманян, И.П.Бардин,Б.А.Введенский и др. | ||
| 260 | _aМосква | ||
| 260 | _bбольшая советская энциклопедия. | ||
| 260 | _c1958. | ||
| 300 | _a656стр,27см. | ||
| 300 | _eилл. | ||
| 653 | _aЕжегодник большой советской энциклопедии.1958. | ||
| 942 | _cBK | ||
| 999 |
_c44415 _d44415 |
||